000 02323cac a2200289 a 4500
003 CO-PeBPM
005 20260407113622.0
007 ta
008 231129s2005||||ck ||||||||||||| ||spa||
020 _a9781591854807
040 _aCO-PeBPM
_bspa
_cCO-PeBPM
_erda
041 _aspa
082 0 4 _a248.4 ó85s
_222
100 1 _aOsteen, Joel
_qautor
245 1 0 _aSu mejor vida ahora
_b: Siete pasos para vivir a su máximo potencial
_c/ Joel Osteen; traducido por Nola J. Theo; prólogo por Marcos Witt
264 _aLake Mary, Florida
_b: Casa Creación
_c, c2005
300 _a295 páginas
_c22 centimetros
500 _aIncluye índice
520 _aLo que crea de sí mismo hoy puede determinar lo que será mañana...para bien o para mal. Bajo esta premisa, el pastor Osteen reta a los cristianos en su libro Tu mejor vida ahora, a cambiar sus inseguridades por la imagen propia de Dios. Descubra las fuerzas y habilidades innatas y cómo avanzar para obtener salud, abundancia, importancia y éxito. En este libro, Osteen revela siete pasos para mejorar nuestra vida en donde se podrá vivir con alegría, paz y entusiasmo, no sólo por un día o una semana, pero por el resto de nuestra vida. Dios nos llevará a lugares donde nunca hemos pensado y empezaremos a vivir nuestra mejor vida ahora. Qué nos enseña Joel Osteen en su libro? Nos muestra siete pasos que nos ayudarán a tener una vida mejor: Uno: Ensanchar nuestra visión Dos: Desarrollar una autoestima saludable Tres: Descubrir el poder de sus pensamientos y sus palabras Cuatro: Dejar ir el pasado Cinco: Encontrar fortaleza en medio de la adversidad Seis: Vivir para dar Siete: Escoger ser feliz Puntos claves: El autor es un pastor reconocido de una de las iglesias más grandes en los EE.UU. y donde Marcos Witt es el pastor principal de la iglesia hispana de Lakewood Church Está diseñado para todo aquel que quiera vivir una vida cristiana plena Nos enseña a poder desarrollar nuestro potencial a toda capacidad si estamos dispuestos
650 1 7 _aTestimonios religiosos
_2LEMB
650 1 7 _aVida y práctica cristianas
_2LEMB
650 1 7 _aAutoayuda,
_2LEMB
650 1 7 _aMente, cuerpo y espíritu
_2LEMB
700 1 _aWitt, Marcos
_eprólogo
700 1 _aTheo, Nola J.
_etraducción
942 _2ddc
_cBK
999 _c24867
_d24867